000 00346nam a22001457a 4500
003 OSt
008 250108b |||||||| |||| 00| 0 eng d
041 _aeng
082 _a628
100 _aRangawala
_9210
245 _aFundamentals of Water Supply and Sanitary Engineering
250 _a8th
260 _bCharovar Publishing House
942 _cBK
999 _c18988
_d18988